| 000 | 00657nam a22002051 4500 | ||
|---|---|---|---|
| 001 | 21376 | ||
| 003 | CZ PrNK | ||
| 005 | 20260228113805.0 | ||
| 008 | 020221s1941 xo slo | ||
| 040 |
_aABA001 _bcze _cABA001 _dABA001 |
||
| 100 | 1 |
_aHviezdoslav, Pavol Országh, _d1849-1921 _4aut |
|
| 245 | 1 | 0 |
_aHviezdoslavove [pseud.] sobrané spisy básnické. _nSväzok lX, _pLyra |
| 246 | 3 | 0 | _aLyra |
| 250 | _aDruhé vydanie | ||
| 260 |
_aV Turčianskom Sv. Martine : _bMatica slovenská, _c1941 _f(Kníhtlačiarsky úč. spolok) |
||
| 300 |
_a212 -[l] s. ; _c8° |
||
| 500 | _aVl. jm. autora: Országh, Pavol | ||
| 910 | _aABA001 | ||
| 942 |
_2ddc _cKLDO _n0 |
||
| 999 |
_c21376 _d21376 |
||